Advanced bookkeeping. (Record no. 1148)

MARC details
000 -LEADER
fixed length control field 00556nam a22002052 4500
001 - CONTROL NUMBER
control field 0000019929
005 - DATE AND TIME OF LATEST TRANSACTION
control field 20151021151136.0
008 - FIXED-LENGTH DATA ELEMENTS--GENERAL INFORMATION
fixed length control field 110317s xx 000 0 eng d
020 ## - INTERNATIONAL STANDARD BOOK NUMBER
International Standard Book Number 1847109156 :
040 ## - CATALOGING SOURCE
Original cataloging agency KABU
Transcribing agency KABU
245 10 - TITLE STATEMENT
Title Advanced bookkeeping.
250 ## - EDITION STATEMENT
Edition statement 1st ed.
260 ## - PUBLICATION, DISTRIBUTION, ETC. (IMPRINT)
Place of publication, distribution, etc. United Kingdom :
Name of publisher, distributor, etc. Kaplan,
Date of publication, distribution, etc. 2009.
300 ## - PHYSICAL DESCRIPTION
Extent ii, 304 p.
650 #0 - SUBJECT ADDED ENTRY--TOPICAL TERM
Topical term or geographic name as entry element Bookkeeping.
-- 0000179919
650 #0 - SUBJECT ADDED ENTRY--TOPICAL TERM
Topical term or geographic name as entry element Accounting.
-- 0000148321
852 1# - LOCATION
-- p3900 KES
908 ## - PUT COMMAND PARAMETER (RLIN)
Put command parameter 110317
950 ## - LOCAL HOLDINGS (RLIN)
-- 1
Holdings
Withdrawn status Lost status Source of classification or shelving scheme Not for loan Home library Current library Date acquired Total Checkouts Total Renewals Full call number Barcode Date last seen Date last checked out Price effective from Koha item type
    Library of Congress Classification   Kabarak, Main Campus Kabarak, Main Campus 17/12/2015     HF5635 .A38 2009 c.1 21996 02/08/2024   17/12/2015 General Collection
    Library of Congress Classification   Kabarak, Nakuru City Campus Kabarak, Nakuru City Campus 21/10/2015 2 1 HF5635 .A38 2009 c.1 21995 25/05/2022 21/01/2022 21/10/2015 General Collection
Designed with assistance from East African Informatics Ltd